LEADER 00959nam a2200265 i 4500 001 000000201470 003 CaOOAMICUS 005 20140430000000.0 008 140430s1958 it u000 u ita u 013 $a180171 040 $aSeMil$bita 100 1 $aTaviani, Paolo Emilio,$d<1912-2001>.$0(OLS)http://semarc/name/9389 245 10$aDifesa della pace /$cPaolo Emilio Taviani. 250 $a2. ed. 260 $a[S.l. :$bs.n.],$c1958. 300 $a461 p. ;$c21 cm. 500 $aFondo card. Giovanni Colombo. 650 4$aItalia - Difesa militare.$0(OLS)http://semarc/subject/26375 650 4$aPace - Studi.$0(OLS)http://semarc/subject/18384 850 $aSeMil 852 $aSeMil$W1$xVenegono$y1$m3GC IV 20$j151996$B151996$CSeMilBibl$Z2$F163171 $8B 941 1 $a3 961 $aLascito: Colombo Card. Giovanni 996 $6245$aDifesa della pace$9(OLS)http://semarc/title/291550 996 $6260$a[S.l. :$bs.n.]$9(OLS)http://semarc/publisher/29751 LEADER 01362nam a2200229 i 4500 001 000000014681 003 CaOOAMICUS 005 20180830125442.0 008 180830s1948 fr u000 u und u 040 $aSeMil$bita 100 1 $aOrtegat, Paul .$0(OLS)http://semarc/name/6880 245 10$aPhilosophie de la religion :$bsynthèse critique des systèmes contemporains en fonction d'un réalisme personnaliste et communautaire /$cPaul Ortegat. 260 $aParis :$bLibrairie Philosophique J. Vrin,$c1948. 260 $aLouvain :$bÉditions de l'Institut Supérieur de Philosophie,$c1948. 300 $a2 v. ;$c24 cm. 650 4$aFilosofia della religione.$0(OLS)http://semarc/subject/504 773 0 $tBibliothèque philosophique de Louvain.$dLouvain : Éditions de l'Institut Supérieur de Philosophie, 1947.$w()13838 774 0 $t1.$kBibliothèque philosophique de Louvain$gTome1$w()144888 774 0 $t2.$kBibliothèque philosophique de Louvain$gTome2$w()144889 996 $6245$aPhilosophie de la religion :$bsynthèse critique des systèmes contemporains en fonction d'un réalisme personnaliste et communautaire$9(OLS)http://semarc/title/19468 996 $6260$aLouvain :$bÉditions de l'Institut Supérieur de Philosophie$9(OLS)http://semarc/publisher/30149 996 $6260$aParis :$bLibrairie Philosophique J. Vrin$9(OLS)http://semarc/publisher/30022